Score 0/24 Timer 02:00
0 Plays Today
Statement What's Missing? % Correct
Santa's ______ Helper Little
97%
Kwik-E-______Mart
95.7%
______ & Scratchy Itchy
94.2%
Krusty the ______Clown
92.5%
'Eat My ______!'Shorts
91.7%
Who Shot Mr. ______?Burns
86.2%
Springfield ______ Power Plant Nuclear
85.6%
Treehouse of ______Horror
84.6%
______ Tavern Moe's
84.2%
Crazy ______ Lady Cat
81.7%
______ Book Guy Comic
81.1%
Blinky The Three Eyed ______ Fish
79.9%
Statement What's Missing? % Correct
Patty & ______ Bouvier Selma
78.4%
'Why ______ Little!'You
73.8%
Bleeding ______ Murphy Gums
70.5%
______ Stu Disco
69.2%
742 ______ Terrace Evergreen
68.4%
Cletus the ______-Jawed YokelSlack
63.2%
Hans ______Moleman
48.1%
Buzz ______ Cola
45.2%
Dr. Nick ______Riviera
44.3%
Radioactive Man & ______ Boy! Fallout
40.9%
Mayor '______ Joe' QuimbyDiamond
40%
Lurleen ______Lumpkin
31.5%

Today's Daily Dose

Missing Word
I Hardly Know Her!

Word Ladder
Sentence Ending

Quick Pick
Female Firsts

Get the Picture
Triathlon Sports

Remove Ads.
Support Sporcle.
Get the best of Sporcle when you Go Orange. This ad-free experience offers more features, more stats, and more fun while also helping to support Sporcle. Thank you for becoming a member.

You're not logged in!

Compare scores with friends on all Sporcle quizzes.
OR
Log In

Show Comments

Extras

Top Quizzes Today


Score Distribution

Your Account Isn't Verified!

In order to create a playlist on Sporcle, you need to verify the email address you used during registration. Go to your Sporcle Settings to finish the process.

Report this User

Report this user for behavior that violates our Community Guidelines.

Details: